A hun hun a Pasian in amite a etkoldan/ (Record no. 7493)

MARC details
000 -LEADER
fixed length control field 00468nam a22001697a 4500
003 - CONTROL NUMBER IDENTIFIER
control field GBCCL
005 - DATE AND TIME OF LATEST TRANSACTION
control field 20241126110629.0
008 - FIXED-LENGTH DATA ELEMENTS--GENERAL INFORMATION
fixed length control field 180816b ||||| |||| 00| 0 eng d
040 ## - CATALOGING SOURCE
Transcribing agency gbc
082 ## - DEWEY DECIMAL CLASSIFICATION NUMBER
Classification number 230
Item number TUN
100 ## - MAIN ENTRY--PERSONAL NAME
Personal name Tungnung, Henkhothang
9 (RLIN) 9631
245 ## - TITLE STATEMENT
Title A hun hun a Pasian in amite a etkoldan/
Statement of responsibility, etc. Henkhothang Tungnung
260 ## - PUBLICATION, DISTRIBUTION, ETC.
Date of publication, distribution, etc. 2015.
Place of publication, distribution, etc. Churachandpur:
Name of publisher, distributor, etc. Zo Chrisrian Baptist Church,
300 ## - PHYSICAL DESCRIPTION
Extent 87p.;
650 ## - SUBJECT ADDED ENTRY--TOPICAL TERM
Topical term or geographic name entry element Theology
9 (RLIN) 631
942 ## - ADDED ENTRY ELEMENTS (KOHA)
Source of classification or shelving scheme Dewey Decimal Classification
Koha item type Books
Koha issues (borrowed), all copies 1
Holdings
Withdrawn status Lost status Source of classification or shelving scheme Damaged status Not for loan Home library Current Library Shelving location Date acquired Total checkouts Full call number Barcode Date last seen Date last checked out Copy number Price effective from Koha item type
    Dewey Decimal Classification     GRACE BIBLE COLLEGE GRACE BIBLE COLLEGE Vernacular 2018-08-16 1 VER 230 TUN 002683 2025-05-01 2018-11-02 c.1 2018-08-16 Books
    Dewey Decimal Classification     GRACE BIBLE COLLEGE GRACE BIBLE COLLEGE Vernacular 2018-08-16   VER 230 TUN 002684 2025-05-01   c.2 2018-08-16 Books
© Grace Bible College Library 2025